000 00523nam a2200169 i 4500
001 145802
003 ES-MaACL
005 20230906201323.0
007 t|
008 071017s1969 sp ||||1| spa d
100 1 _aVercin, Guy.
_9113994
245 1 3 _aEl drama de la juventud delincuente
_b: Rip y su destino /
_cGuy Vercin ; traducción de María Teresa Caro.
260 _aMadrid :
_bStudium,
_c[1969]
300 _a179 p. ;
_c19 cm.
700 1 _aCaro, María Teresa.
_935399
852 _aES-MaACL
_jC-35908
_bR.69879
999 _c145802
_d145802